Online
Catalog

Contabilidad de costos : (Record no. 23948)

MARC details
000 -CABECERA
campo de control de longitud fija 00578nam a2200169 a 4500
001 - NÚMERO DE CONTROL
campo de control 000024455
005 - FECHA Y HORA DE LA ÚLTIMA TRANSACCIÓN
campo de control 20200930023201.0
008 - DATOS DE LONGITUD FIJA--INFORMACIÓN GENERAL
campo de control de longitud fija 110127s1977 ag ad r 000 0 spa d
040 ## - FUENTE DE LA CATALOGACIÓN
Centro catalogador/agencia de origen DO-SdBNP
Lengua de catalogación spa
Centro/agencia transcriptor BNPHU
082 ## - NÚMERO DE LA CLASIFICACIÓN DECIMAL DEWEY
Número de clasificación xxxxx
Número de documento/Ítem S556c
049 ## - FONDOS LOCALES (OCLC)
Fondos de biblioteca BNGR
100 1# - ENTRADA PRINCIPAL--NOMBRE DE PERSONA
Nombre de persona Shillinglaw, Gordon
9 (RLIN) 50132
245 10 - MENCIÓN DE TÍTULO
Título Contabilidad de costos :
Resto del título análisis y control /
Mención de responsabilidad, etc. Gordon Shillinglaw ; traducción Anibal Carlos Leal.
260 ## - PUBLICACIÓN, DISTRIBUCIÓN, ETC.
Lugar de publicación, distribución, etc. Buenos Aires, Argentina :
Nombre del editor, distribuidor, etc. Librería El Ateneo,
Fecha de publicación, distribución, etc. 1977.
300 ## - DESCRIPCIÓN FÍSICA
Extensión xvi, 122 p. :
Otras características físicas il., diag. ;
Dimensiones 23 cm.
700 1# - PUNTO DE ACCESO ADICIONAL--NOMBRE DE PERSONA
Nombre de persona Carlos Leal, Aniba,
Término indicativo de función/relación tr.
9 (RLIN) 50133
Holdings
Estado de retiro Estado de pérdida Restricciones de uso No para préstamo Código de colección Localización permanente Ubicación/localización actual Ubicación en estantería Fecha de adquisición Número de inventario Total de préstamos Signatura topográfica completa Código de barras Fecha visto por última vez Precio válido a partir de Tipo de ítem Koha
        Monografías: Libros y Folletos General General En catalogación 27.01.2011 LF1   xxxxx S556c 24455-10 25.06.2020 25.06.2020 Préstamo en sala

Powered by Koha